LIBRARY & INFORMATION CENTRE, KCAET, TAVANUR

ONLINE PUBLIC ACCESS CATALOGUE (OPAC)

Making of the modern world / (Record no. 410)

MARC details
000 -LEADER
fixed length control field 00406cam a2200157ua 4500
041 ## - LANGUAGE CODE
Language code of text/sound track or separate title eng
082 ## - DEWEY DECIMAL CLASSIFICATION NUMBER
Classification number 930
Item number LAZ/MA
100 ## - MAIN ENTRY--AUTHOR NAME
Personal name Lazarus, Mary .
245 ## - TITLE STATEMENT
Title Making of the modern world /
260 ## - PUBLICATION, DISTRIBUTION, ETC. (IMPRINT)
Place of publication Melbourne :
Name of publisher MacMillan and Company Limited ,
Year of publication 1961.
300 ## - PHYSICAL DESCRIPTION
Number of Pages 396 ; .
700 1# - ADDED ENTRY--PERSONAL NAME
Personal name Coppel, Majoric .
942 ## - ADDED ENTRY ELEMENTS (KOHA)
Koha item type Books
Holdings
Withdrawn status Lost status Damaged status Home library Current library Date acquired Full call number Accession Number Koha item type
Withdrawn     KAUAET Sanskrit University 07/04/2012 930 3153 Books
free website counter